000 00595nam a2200169Ia 4500
008 090711s9999 xx 000 0 und d
082 _b1587
100 _aओक Sाारुशीला
245 _aपंख फुटलेला मुंगळा
260 _bपराग प्रकाशन (मुंबई)
_c1999
300 _a164
600 _aओक Sाारुशीला
630 _aपंख फुटलेला मुंगळा
700 _aओक Sाारुशीला
730 _aपंख फुटलेला मुंगळा
942 _cBOOK
999 _c336749
_d336749